| 000 | 01177nam a22002897a 4500 | ||
|---|---|---|---|
| 001 | 9788 | ||
| 003 | FISKH | ||
| 005 | 20260224141053.0 | ||
| 008 | 260224b cb ||||| |||| 00| 0 eng d | ||
| 020 | _a9780531210727 | ||
| 040 |
_aFISKH _beng _cFISKH _dFISKH |
||
| 050 | _aNC1765 .G74 | ||
| 082 | _a741.5 | ||
| 100 | _aGregory , Josh | ||
| 245 |
_aAnimation : _bFrom concept to consumer / _cby Josh Gregory |
||
| 260 |
_aNew York : _bChildren's Press , _c2015 . |
||
| 300 |
_a64 pages : _bcolor illustrations ; _c23 cm . |
||
| 490 | _aCalling All Innovators: A Career For You | ||
| 505 | _aZ | ||
| 520 | _aReaders will trace the history of animation from its earliest roots to its most recent successes and beyond. They will also learn about the different types of artists, engineers, and filmmakers who have made this incredible blend of art and technology possible throughout the decades. | ||
| 521 | 8 |
_a1170
_bLexile |
|
| 521 | 8 |
_aZ
_bRaz-Plus |
|
| 650 |
_aAnimated films-Vacational guidance _vJuvenile Literature |
||
| 650 |
_aAnimation ( Cenematography ) - Vacational guidance _vJuvenile Literature |
||
| 942 |
_2ddc _cBK _n0 |
||
| 999 |
_c9788 _d9788 |
||